01503nam a22002777a 4500003000900000005001700009007000300026008002900029020001800058040002600076100005300102245008100155260004800236300002300284490003200307500006900339505040700408590002800815590006200843830003700905910000700942942001400949952012000963952012501083999001701208DO-SdBNP20211014110720.0ta210622b 2015 dr 00| 0 eng d a9789945498561 aDO-SdBNPbspacBNPHU 1 aEmeterio Rondón, Nieves Lidia (Melania)97896610aAmanuense desde la cotidianidad /cNieves Lidia Emeterio Rondón (Melania). aSanto Domingo :bUniversitaria UASD,c2015. a440 p. ; c21 cm. 1 aEstudios y Sociedad ;v1505 aIncluye datos biográficos de la autora en la contracubierta. 0 aPresentación -- De la justicia dominicana -- Género y familia -- Sobre el magisterio nacional -- Pobreza y dignidad humana -- Expresiones culturales dominicanas -- Violencia y delincuencia -- Responsabilidades pendientes de asumir -- Literatura y realidad -- Educación en valores -- Sensibilidad al desnudo -- De cómo gravita la excesiva migración haitiana en República Dominicana -- Otros. aInventariado, 2021 /LP  aLa biblioteca posee 1 ejemplar autografiado por la autora 0aEstudios y Sociedadn1505978967 aLP 2ddccLBS1 00102ddc718MOaBNPHUbPDcHDd2021-06-22eDepósito Legall0oBNPHU PDp2021-2208r2021-06-22w2021-06-22yLBS1 00102ddc728MOaBNPHUbPDcHDd2021-06-22eDepósito Legall0oBNPHU PDp2021-2209r2021-06-22te.2w2021-06-22yLBS1 c49984d49984